000 00649nam a2200193Ii 4500
003 JO-AjNU
008 230605s9999||||xx |||||||||||||| ||und||
040 _aJO-AjNU
_bara
_erda
_cJO-AjNU
041 _aara
050 1 4 _aGB54.5.S2364
100 3 _aتاليف صافي، عدنان,
_eauthor
_97344
245 0 0 _aمقدمة في الجغرافية الطبيعية والفلكية
264 3 1 _aالاسكندرية: مركز الكتاب الاكاديمي
300 _a186ص
336 _atext
_btxt
_2rdacontent
337 _aunmediated
_bn
_2rdamedia
338 _avolume
_bnc
_2rdacarrier
650 4 _aالجغرافية الطبيعية
_97345
999 _aA232
_c3800
_d3800